| 000 | 00552cam a22001577a 4500 | ||
|---|---|---|---|
| 008 | 180718b2017 xxu||||| |||| 00| 0 eng d | ||
| 020 | _a9788131607411 | ||
| 082 | _aA99 Am16/R141 | ||
| 245 |
_aContemporary relevance of Ambedkar's thoughts _cedited by Avatthi Ramaiah |
||
| 260 |
_aJaipur _bRawat _c2017 |
||
| 300 | _a286p. | ||
| 650 | _aAmbedkar, B. R. -- (Bhimrao Ramji), -- 1891-1956 | ||
| 650 | _aIndia -- Social conditions | ||
| 650 | _aAmbedkar, B. R. -- (Bhimrao Ramji), -- 1891-1956 -- Political and social views | ||
| 700 | _aRamaiah, Avatthi | ||
| 999 |
_c445466 _d445466 |
||